000 00714nam a2200217Ia 4500
003 GCL
008 140319s9999 xx 000 0 ara d
040 _aGCL /
_cGCL
082 0 4 _aط
_b239.9
_bع م
100 1 _aعبدالعزيز الشناوى
245 1 0 _aابوبكر الصديق /
_cعبدالعزيز الشناوى
260 _a[S.N] :
_bدار الفكر العربى
300 _a88 ص
490 _aمواقف فى حياة العشرة المبشرين بالجنة
_v0
650 0 4 _aالاطفال
650 0 4 _aعمر بن الخطاب
650 0 4 _aالصحابة والتابعون
650 0 4 _aعلى بن ابى طالب
650 0 4 _aابو بكر الصديق
942 _2ddc
_cBK
999 _c58306
_d58306